Awetan badan & petua nenek moyang

Bibliographic Details
Main Author: Arif Akmal
Format: Book
Published: Selangor : Edu Quest Pub , 2006
Series:Siri perubatan
Subjects:

MARC

LEADER 00000cam a2200000 7i4500
001 0000007644
005 20070918.0
008 070904
020 |a 9832746574 (set) 
020 |a 9832746590 
090 0 0 |a 613   |b ARI 
100 0 |a Arif Akmal 
245 1 0 |a Awetan badan & petua nenek moyang   |c Arif Akmal 
260 |a Selangor :   |b Edu Quest Pub ,   |c 2006 
440 |a Siri perubatan 
650 0 |a Health-tips 
650 0 |a Malay language   |x Readers 
999 |a 0000983588   |b Book   |c Teenagers   |e Perbadanan Perpustakaan Awam Johor 
999 |a 0000983589   |b Book   |c Teenagers   |e Perbadanan Perpustakaan Awam Johor 
999 |a 0000983590   |b Book   |c Teenagers   |e Perbadanan Perpustakaan Awam Johor 
999 |a 0000983591   |b Book   |c Teenagers   |e Perbadanan Perpustakaan Awam Johor 
999 |a 0000983592   |b Book   |c Teenagers   |e Perbadanan Perpustakaan Awam Johor 
999 |a 0001014843   |b Book   |c Adult Collection   |e Cawangan Taman Sri Lambak 
999 |a 0001014844   |b Book   |c Adult Collection   |e Cawangan Pontian 
999 |a 0001014845   |b Book   |c Adult Collection   |e Cawangan Pontian